000 00996nam0a22002291 4500
001 rc\999655
005 20250622072632.0
035 _a(NLR Aleph) 006166078
090 _a5914430
_c5914430
100 _a20041129d1981 |||y0rusy50 ca
101 0 _arus
102 _aRU
105 _ay |||||||||
200 1 _aСистема мероприятий по защите сахарной свеклы от вредителей, болезней и сорняков по зонам свеклосеяния СССР
_fМ-во сел. хоз-ва СССР, Упр. защиты растений ВПНО "Союзсельхозхимия", Гл. упр. свекловодства и табака
_g[Подгот. О.И. Петруха и др.]
210 _aМ.
_cМСХ СССР
_d1981
215 _a48 с.
_d20
702 1 _aПетруха
_bО.И.
_gОстап Иосифович
_4570
801 0 _aRU
_bNLR
_gpsbo
801 1 _aRU
_bELAR
_2rusmarc
852 _aNLR
_j82-4/8753
942 _cBOOK
980 _aNB